| 000 | 00689nam a2200265Ia 4500 | ||
|---|---|---|---|
| 005 | 20250425162220.0 | ||
| 008 | 250425s9999 xx 000 0 und d | ||
| 020 | _a9871046081 | ||
| 041 | _aspa | ||
| 043 | _aag | ||
| 082 | _a005.369 | ||
| 100 | _aBARRAL, MONICA | ||
| 245 | 0 | _aMICROSOFT EXCEL Y MICROSOFT WORD PARA ABOGADOS: MODELOS PRESDISEÑADOS PARA LA GESTION DEL PROFESIONAL | |
| 250 | _a1A ED. | ||
| 260 |
_aArgentina _bOMICRON SYSTEM S.A _c2003 |
||
| 260 | _aBUENOS AIRES | ||
| 300 | _a227 | ||
| 500 | _aINCLUYE CD. | ||
| 650 | _aEXCEL | ||
| 650 | _aFORMACION PROFESIONAL | ||
| 650 | _aWORD | ||
| 710 | _aOMICRON SYSTEM S.A. | ||
| 942 | _c01 | ||
| 010 | _a57233 | ||
| 999 |
_c224676 _d224676 |
||